Genres of Metal - Statistics

General Stats
  • This quiz has been taken 118 times
  • The average score is 10 of 15
Answer Stats
Hint Answer % Correct
Kataklysm, Cannibal Corpse, Korpse Death
99%
Korn, Limp Bizkit, Static-X Nu
97%
Bathory, Darkthrone, Dimmu Borgir Black
94%
Rammstein, Danzig, Nailbomb Industrial
76%
Motley Crue, Poison, Dokken Glam
75%
Sabaton, Kamelot, Dragonland Power
70%
Mastodon, Narnia, Dream Theater Progressive
69%
Onslaught, Nuclear Assault, S.O.D Thrash
64%
Acid Bath, Crowbar, Melvins Sludge
61%
Napalm Death, Terrorizer, Carcass Grindcore
58%
Ohio Slamboys (just take a guess) Slam
58%
Motorhead, Racer X, Judas Priest Speed
57%
BABYMETAL, Band-Maid, Passcode Kawaii
53%
Monolord, Bongzilla, Sleep Stoner
45%
Alestorm, Visions of Atlantis, Storm Seeker Pirate
44%
No matching quizzes found
Score Distribution
Percent of People with Each Score
Percentile by Number Answered
Your Score History
You have not taken this quiz